00369nam a2200121Ia 4500008004100000082001600041100003000057245001700087300001900104942000700123999001900130952009800149230907s9999||||xx |||||||||||||| ||und|| a576.82bMEY aMeyer, Stephen C.9115579 0aExplosives / axiii, 430 p. : cBK c598851d598851 00104070aCAS-EbCAS-Ed2019-08-17l0o576.82 MEYpCAS-E0002950r2023-09-12w2023-09-12yBK